000 00479nam a2200181Ia 4500
001 25475
003 IN-NITTTR
005 20251114233323.0
008 251113s9999||||xx |||||||||||||| ||eng||
040 _beng
040 _cIN-NITTTR
041 _aeng
082 _a338.954 S55
245 0 _aIndian economy :
_b agenda for the 21st century /
_cSen, Raj Kumar, ed., Chatterjee, Biswajit, ed.
700 _a Chatterjee, Biswajit
700 _aSen, Raj Kumar
942 _2ddc
_cBK
999 _c28104
_d28104